| 000 | 00652nam a2200181Ia 4500 | ||
|---|---|---|---|
| 008 | 151018s9999 xx 000 0 und d | ||
| 082 |
_bRBASDV45754 _a891.433 |
||
| 100 | _aनर्मदा इंदूरखा | ||
| 245 | _aमहापुरुषो कि कथाए | ||
| 250 | _b1 | ||
| 260 |
_bराकेश साहित्य भांडार _c2008 |
||
| 300 | _a16 | ||
| 600 | _aनर्मदा इंदूरखा | ||
| 630 | _aमहापुरुषो कि कथाए | ||
| 700 | _aनर्मदा इंदूरखा | ||
| 730 | _aमहापुरुषो कि कथाए | ||
| 942 | _cBOOK | ||
| 999 |
_c1044931 _d1044928 |
||